00411nam a22001457a 4500008004100000040005500041080001500096245001900111250001300130260004800143650001500191653001100206700002600217700002200243230612b |||||||| |||| 00| 0 eng d aNational Science LibrarycNational Science Library aR 912 bH3 aLibrary atlas  a3rd ed.  aLondon: bGeorge Philip & Son, Ltd., c1943 aGeography  aAtlas  aGoodall, George (Ed.) aDarby, H C (Ed.)